Văn bản luật quốc tế và văn bản pháp luật Việt Nam phục vụ học tập, nghiên cứu môn : Khái luận chung về luật quốc tế

Gồm 2 phần: Văn bản pháp luật quốc tế với nội dung Công ước Montevideo về quyền và nghĩa vụ của quốc gia 1933, hiến chương Liên hiệp quốc 1945, quy chế toà án công lý quốc tế 1945... và Văn bản pháp luật Việt Nam về Luật ký kết, gia nh...

Ful tanımlama

Kaydedildi:
Detaylı Bibliyografya
Yazar: Ngô, Hữu Phước
Materyal Türü: Kitap
Dil:Undetermined
Baskı/Yayın Bilgisi: Hà Nội Lao động 2013
Konular:
Etiketler: Etiketle
Etiket eklenmemiş, İlk siz ekleyin!
Thư viện lưu trữ: Trung tâm Học liệu Trường Đại học Cần Thơ
LEADER 01288nam a2200217Ia 4500
001 CTU_192706
008 210402s9999 xx 000 0 und d
020 |c 45000 
082 |a 341 
082 |b Ph557 
100 |a Ngô, Hữu Phước 
245 0 |a Văn bản luật quốc tế và văn bản pháp luật Việt Nam phục vụ học tập, nghiên cứu môn : 
245 0 |b Khái luận chung về luật quốc tế 
245 0 |c Ngô Hữu Phước, Lê Đức Phương 
260 |a Hà Nội 
260 |b Lao động 
260 |c 2013 
520 |a Gồm 2 phần: Văn bản pháp luật quốc tế với nội dung Công ước Montevideo về quyền và nghĩa vụ của quốc gia 1933, hiến chương Liên hiệp quốc 1945, quy chế toà án công lý quốc tế 1945... và Văn bản pháp luật Việt Nam về Luật ký kết, gia nhập và thực hiện điều ước quốc tế 2005, pháp lệnh ký kết và thực hiện thoả thuận quốc tế 2007... 
650 |a International law,Luật quốc tế 
910 |a Hải 
980 |a Trung tâm Học liệu Trường Đại học Cần Thơ